Advanced accounting (Record no. 56620)
[ view plain ]
| 000 -LEADER | |
|---|---|
| fixed length control field | 00566nam a2200217Ia 4500 |
| 001 - CONTROL NUMBER | |
| control field | 59292 |
| 008 - FIXED-LENGTH DATA ELEMENTS--GENERAL INFORMATION | |
| fixed length control field | 140520s9999 xx 000 0 und d |
| 020 ## - INTERNATIONAL STANDARD BOOK NUMBER | |
| International Standard Book Number | 9780071220873 |
| 040 ## - CATALOGING SOURCE | |
| Transcribing agency | PK-LaUMT |
| 082 ## - DEWEY DECIMAL CLASSIFICATION NUMBER | |
| Classification number | 657.046 |
| Item number | HOY-A |
| 100 ## - MAIN ENTRY--PERSONAL NAME | |
| Personal name | Hoyle, Joe B. |
| 245 ## - TITLE STATEMENT | |
| Title | Advanced accounting |
| Statement of responsibility, etc | Hoyle, Joe B.<>Schaefer, Thomas F.<>Doupnik, Timothy S. |
| 250 ## - EDITION STATEMENT | |
| Edition statement | 10th |
| 260 ## - PUBLICATION, DISTRIBUTION, ETC. (IMPRINT) | |
| Place of publication, distribution, etc | New York,USA: |
| Name of publisher, distributor, etc | McGraw-Hill, |
| Date of publication, distribution, etc | 2012 |
| 300 ## - PHYSICAL DESCRIPTION | |
| Extent | 860p. |
| 546 ## - LANGUAGE NOTE | |
| Language note | EN |
| 650 ## - SUBJECT ADDED ENTRY--TOPICAL TERM | |
| Topical term or geographic name as entry element | Accounting |
| 700 ## - ADDED ENTRY--PERSONAL NAME | |
| Personal name | Doupnik, Timothy S. |
| 700 ## - ADDED ENTRY--PERSONAL NAME | |
| Personal name | Schaefer, Thomas F. |
| 942 ## - ADDED ENTRY ELEMENTS (KOHA) | |
| Koha item type | Books |
| Withdrawn status | Lost status | Damaged status | Not for loan | Home library | Current library | Date acquired | Total Checkouts | Full call number | Barcode | Date last seen | Date checked out | Price effective from | Koha item type |
|---|---|---|---|---|---|---|---|---|---|---|---|---|---|
| UMT Main Campus | UMT Main Campus | 2014-05-20 | 4 | 657.046 HOY-A | 81451 | 2019-12-14 | 2019-12-13 | 2014-05-21 | Books |
